000
00222nam a22001097a 4500
999
_c
260908
_d
260907
020
_a
0590313185
100
_a
James Howe
245
_a
Bunnicula
260
_a
New York
_b
Scholastic
_c
1979
300
_a
98 pgs
942
_c
BK